AFC Asian Cup Teams 2015 - Statistics

General Stats
  • This quiz has been taken 38 times
  • The average score is 15 of 16
Answer Stats
Hint Answer % Correct
China
97%
Iran
97%
Japan
97%
North Korea
97%
Iraq
94%
Oman
94%
Qatar
94%
South Korea
94%
United Arab Emirates
94%
Australia
91%
Kuwait
91%
Saudi Arabia
91%
Bahrain
88%
Jordan
88%
Uzbekistan
88%
Palestine
56%
No matching quizzes found
Score Distribution
Percent of People with Each Score
Percentile by Number Answered
Your Score History
You have not taken this quiz